New generic technologies in developing countries / (Record no. 6764)
[ view plain ]
| 000 -LEADER | |
|---|---|
| fixed length control field | 00741cam a22002172 4500 |
| 001 - CONTROL NUMBER | |
| control field | 0000004967 |
| 005 - DATE AND TIME OF LATEST TRANSACTION | |
| control field | 20151217151947.0 |
| 008 - FIXED-LENGTH DATA ELEMENTS--GENERAL INFORMATION | |
| fixed length control field | 070604s xx 000 0 eng d |
| 020 ## - INTERNATIONAL STANDARD BOOK NUMBER | |
| International Standard Book Number | 0312176430 : |
| 040 ## - CATALOGING SOURCE | |
| Original cataloging agency | KABU |
| Transcribing agency | KABU |
| 050 #0 - LIBRARY OF CONGRESS CALL NUMBER | |
| Classification number | T49.5 |
| Item number | .N49 |
| 245 10 - TITLE STATEMENT | |
| Title | New generic technologies in developing countries / |
| Statement of responsibility, etc. | edited by M. R. Bhagavan. |
| 260 ## - PUBLICATION, DISTRIBUTION, ETC. (IMPRINT) | |
| Place of publication, distribution, etc. | Basingstoke, Hampshire : |
| Name of publisher, distributor, etc. | Macmillan in association with SIDA, |
| Date of publication, distribution, etc. | 1997. |
| 300 ## - PHYSICAL DESCRIPTION | |
| Extent | xii, 340 p. ; |
| Dimensions | 22 cm. |
| 504 ## - BIBLIOGRAPHY, ETC. NOTE | |
| Bibliography, etc | Includes bibliographical references and index. |
| 650 #0 - SUBJECT ADDED ENTRY--TOPICAL TERM | |
| Topical term or geographic name as entry element | Technology |
| Geographic subdivision | Developing countries. |
| General subdivision | Congresses. |
| -- | 0000156001 |
| 700 1# - ADDED ENTRY--PERSONAL NAME | |
| Personal name | Bhagavan, M. R. |
| -- | 0000156002 |
| 908 ## - PUT COMMAND PARAMETER (RLIN) | |
| Put command parameter | 070604 |
| 950 ## - LOCAL HOLDINGS (RLIN) | |
| -- | 1 |
| Withdrawn status | Lost status | Source of classification or shelving scheme | Not for loan | Home library | Current library | Date acquired | Total Checkouts | Full call number | Barcode | Date last seen | Price effective from | Koha item type |
|---|---|---|---|---|---|---|---|---|---|---|---|---|
| Library of Congress Classification | Kabarak, Main Campus | Kabarak, Main Campus | 17/12/2015 | T49.5 .N49 | 007196 | 17/12/2015 | 17/12/2015 | General Collection |